Draw the Borders of the Americas - Statistics

General Stats
  • This quiz has been taken 3,035 times
  • The average score is 36 of 38
Answers on the Map
Answers color-coded by a green-red scale on the quiz's map according to % correct below.
 
Answer Stats
Answer % Correct
Canada - United States
100%
Mexico - United States
100%
Argentina - Brazil
97%
Argentina - Chile
97%
Brazil - Colombia
97%
Brazil - Peru
97%
Brazil - Uruguay
97%
Brazil - Venezuela
97%
Argentina - Bolivia
96%
Argentina - Paraguay
96%
Argentina - Uruguay
96%
Bolivia - Brazil
96%
Bolivia - Chile
96%
Bolivia - Peru
96%
Brazil - Guyana
96%
Brazil - Paraguay
96%
Brazil - Suriname
96%
Colombia - Peru
96%
Colombia - Venezuela
96%
Guatemala - Mexico
96%
Chile - Peru
95%
Colombia - Ecuador
95%
Colombia - Panama
95%
Costa Rica - Panama
95%
Guyana - Suriname
95%
Guyana - Venezuela
95%
Belize - Mexico
94%
Bolivia - Paraguay
94%
Brazil - France
94%
Costa Rica - Nicaragua
94%
Ecuador - Peru
94%
Honduras - Nicaragua
94%
Belize - Guatemala
93%
Dominican Republic - Haiti
93%
Guatemala - El Salvador
93%
Guatemala - Honduras
93%
France - Suriname
91%
Honduras - El Salvador
91%
No matching quizzes found
Score Distribution
Percent of People with Each Score
Percentile by Number Answered
Your Score History
You have not taken this quiz